LEADER 01249nam--2200361---450- 001 990006123970203316 005 20160211105305.0 035 $a000612397 035 $aUSA01000612397 035 $a(ALEPH)000612397USA01 035 $a000612397 100 $a20160211d1973----km-y0itay50------ba 101 $aita$aeng 102 $aIT 105 $aa---||||001yy 200 1 $a<> delicata scacchiera$eMarcel Duchamp, 1902-1968$eNapoli, Palazzo Reale, giugno/luglio 1973$fa cura di Achille Bonito Oliva$d<> delicate chess-board$eMarcel Duchamp, 1902-1968$eNapoli, Palazzo Reale, June/July 1973$fedited by Achille Bonito Oliva 210 $aFirenze$cCentro Di$d1973 215 $a[92] carte$cill.$d22 cm 225 2 $aCat[aloghi]$v35 300 $aCatalogo a cura di R. D'Angelo 410 0$12001$aCat[aloghi]$v35 510 1 $a<> delicate chess-board 600 1$aDuchamp,$bMarcel$xEsposizioni$z1973$2BNCF 676 $a709.44 702 1$aBONITO OLIVA,$bAchille 801 0$aIT$bsalbc$gISBD 912 $a990006123970203316 951 $aXV.9.M. 2710$b4589 MAR$cXV.9.M.$d385399 959 $aBK 969 $aMAR 979 $aIANNONE$b90$c20160211$lUSA01$h1053 996 $aDelicata scacchiera$9603564 997 $aUNISA